[Event "Schachfestival 2014 - Open"]
[Site "Bad Wörishofen"]
[Date "2014.03.21"]
[Round "1.1"]
[White "Epishin, Vladimir"]
[Black "Maier, Marius"]
[Result "1/2-1/2"]
[WhiteElo "2545"]
[BlackElo "1949"]
[Annotator "chessorg"]
[PlyCount "99"]
[EventDate "2014.??.??"]
[BlackTeam "SC Dielheim"]

1. d4 Nf6 2. c4 g6 3. Nc3 Bg7 4. e4 d6 5. Nf3 O-O 6. Be2 Nbd7 7. O-O e5 8. Re1
c6 9. Bf1 Qe7 10. Rb1 b6 11. b4 Bb7 12. d5 c5 13. a4 cxb4 14. Rxb4 Nc5 15. a5
bxa5 16. Rb5 Qc7 17. Bd2 Ba6 18. Rb2 Rfb8 19. Ra2 Rb4 20. Nb5 Bxb5 21. Bxb4
axb4 22. cxb5 Nfxe4 23. Rb2 Qb6 24. Qc2 b3 25. Qc4 f5 26. Reb1 h6 27. h3 Re8
28. Re2 Qa5 29. Reb2 Nc3 30. Rc1 e4 31. Nd4 N3a4 32. Nxb3 Nxb2 33. Nxa5 Nxc4
34. Nxc4 Nb7 35. Rc2 Bd4 36. Ra2 Rd8 37. Ra6 Kf7 38. Be2 Ke7 39. Rc6 Kd7 40.
Kf1 Bc5 41. Bd1 Rc8 42. g4 Nd8 43. Rxc8 Kxc8 44. gxf5 gxf5 45. Bh5 f4 46. Bg6
Kd7 47. Bxe4 Nf7 48. Ke2 Ne5 49. Nd2 Kc7 50. Nf3 1/2-1/2

[Event "Schachfestival 2014 - Open"]
[Site "Bad Wörishofen"]
[Date "2014.03.21"]
[Round "1.2"]
[White "Eichner, Manfred"]
[Black "Kveinys, Aloyzas"]
[Result "0-1"]
[WhiteElo "2029"]
[BlackElo "2530"]
[Annotator "chessorg"]
[PlyCount "56"]
[EventDate "2014.??.??"]
[WhiteTeam "SK 1908 GÃ¶ggingen"]

1. e4 c5 2. Nf3 e6 3. d3 Nc6 4. g3 g6 5. Bg2 Bg7 6. O-O Nge7 7. Re1 d6 8. c3 e5
9. Nbd2 O-O 10. a4 Kh8 11. Nb3 f5 12. exf5 Bxf5 13. d4 exd4 14. cxd4 c4 15. d5
cxb3 16. dxc6 Bc2 17. Qe2 Nxc6 18. Ng5 Qf6 19. Bf4 Nd4 20. Qd2 Rae8 21. Bd5 h6
22. Nf7+ Qxf7 23. Bxf7 Rxe1+ 24. Qxe1 Nf3+ 25. Kg2 Nxe1+ 26. Rxe1 Rxf7 27. Re8+
Kh7 28. Bc1 d5 0-1

[Event "Schachfestival 2014 - Open"]
[Site "Bad Wörishofen"]
[Date "2014.03.21"]
[Round "1.3"]
[White "Chatalbashev, Boris"]
[Black "Kievelitz, Bernd"]
[Result "1-0"]
[WhiteElo "2521"]
[BlackElo "2029"]
[Annotator "chessorg"]
[PlyCount "89"]
[EventDate "2014.??.??"]
[BlackTeam "Zitadelle Spandau"]

1. d4 Nf6 2. c4 e6 3. Nc3 Bb4 4. Nf3 b6 5. Bg5 Bb7 6. Nd2 Bxc3 7. bxc3 h6 8.
Bh4 d6 9. f3 Nbd7 10. e4 e5 11. Be2 c5 12. Nf1 Qc7 13. Ne3 g6 14. O-O Nh5 15.
Nd5 Bxd5 16. cxd5 g5 17. Bf2 a6 18. dxe5 Nxe5 19. g3 Nf6 20. Rb1 Ke7 21. Kh1
Rhg8 22. f4 gxf4 23. gxf4 Ng6 24. e5 Ne4 25. Be1 f5 26. exf6+ Nxf6 27. Bg4 Nxg4
28. Qxg4 Rae8 29. Qe2+ Kf6 30. Qh5 Qe7 31. Qf3 Qe2 32. Qxe2 Rxe2 33. Rxb6 Ne7
34. Rxd6+ Kf5 35. Bg3 Rg6 36. Rxg6 Nxg6 37. Rd1 Nf8 38. a4 c4 39. d6 Nd7 40.
Rd4 Re4 41. Rxe4 Kxe4 42. Kg2 Kf5 43. Kf3 Ke6 44. f5+ Kxf5 45. Ke3 1-0

[Event "Schachfestival 2014 - Open"]
[Site "Bad Wörishofen"]
[Date "2014.03.21"]
[Round "1.4"]
[White "Weichlein, Paul"]
[Black "Teske, Henrik"]
[Result "0-1"]
[WhiteElo "2029"]
[BlackElo "2519"]
[Annotator "chessorg"]
[PlyCount "26"]
[EventDate "2014.??.??"]
[BlackTeam "SV Glueck auf Ruedersdorf e.V."]

1. d4 d5 2. c4 dxc4 3. e4 e5 4. d5 Nf6 5. Nc3 c6 6. Bg5 Bb4 7. Bxc4 Bxc3+ 8.
bxc3 Qa5 9. Bd2 Nxe4 10. Qh5 O-O 11. Qxe5 Nxd2 12. Kxd2 cxd5 13. Nf3 Nc6 0-1

[Event "Schachfestival 2014 - Open"]
[Site "Bad Wörishofen"]
[Date "2014.03.21"]
[Round "1.5"]
[White "Nikolov, Momchil"]
[Black "Kümpers, Ulrich"]
[Result "1-0"]
[WhiteElo "2515"]
[BlackElo "2026"]
[Annotator "chessorg"]
[PlyCount "51"]
[EventDate "2014.??.??"]
[BlackTeam "SC Tarrasch 45 Muenchen"]

1. d4 Nf6 2. c4 d6 3. Nc3 e5 4. Nf3 Nbd7 5. e4 Be7 6. Be2 c6 7. O-O O-O 8. Re1
Re8 9. Bf1 Bf8 10. d5 a5 11. Rb1 Nc5 12. b3 Bg4 13. a3 a4 14. b4 Nb3 15. Be3
Nxe4 16. Nxe4 f5 17. Bg5 Qc7 18. Nc3 f4 19. Ne4 h6 20. Bxh6 Nd4 21. Bg5 Qf7 22.
Be2 Nxe2+ 23. Rxe2 Qh5 24. Qd3 Kh8 25. Ree1 Bf5 26. Rbd1 1-0

[Event "Schachfestival 2014 - Open"]
[Site "Bad Wörishofen"]
[Date "2014.03.21"]
[Round "1.7"]
[White "Naumkin, Igor"]
[Black "Diotallevi, Maurizio"]
[Result "1-0"]
[WhiteElo "2477"]
[BlackElo "2013"]
[Annotator "chessorg"]
[PlyCount "69"]
[EventDate "2014.??.??"]
[BlackTeam "Castelfidardo"]

1. d4 d5 2. c4 e6 3. Nc3 Nf6 4. Nf3 Be7 5. Bg5 h6 6. Bxf6 Bxf6 7. e3 c6 8. Qc2
Nd7 9. Rd1 O-O 10. a3 a5 11. Be2 Qe7 12. O-O g6 13. e4 dxe4 14. Nxe4 Bg7 15. c5
Nf6 16. Nd6 Nd5 17. Rfe1 b5 18. Ne5 Bxe5 19. dxe5 Qg5 20. Bf3 Bd7 21. Rd4 h5
22. h4 Qh6 23. Qd3 Kg7 24. Bxd5 exd5 25. Qg3 Kh7 26. Rf4 Be6 27. Re3 Ra7 28.
Kh2 Re7 29. Rf6 Rg8 30. f4 Qf8 31. Qg5 Qh6 32. Qxh6+ Kxh6 33. f5 d4 34. Rg3 Bd5
35. fxg6 1-0

[Event "Schachfestival 2014 - Open"]
[Site "Bad Wörishofen"]
[Date "2014.03.21"]
[Round "1.8"]
[White "Fiedler, Wolfgang"]
[Black "Karpatchev, Alexandr"]
[Result "0-1"]
[WhiteElo "2012"]
[BlackElo "2464"]
[Annotator "chessorg"]
[PlyCount "68"]
[EventDate "2014.??.??"]
[WhiteTeam "SK Zirndorf e.V."]

1. Nf3 d5 2. g3 g6 3. Bg2 Bg7 4. d3 e5 5. e4 Ne7 6. Nc3 d4 7. Nb1 O-O 8. O-O
Nbc6 9. Nbd2 h6 10. Ne1 f5 11. f4 Be6 12. Nc4 fxe4 13. Bxe4 Qd7 14. Ng2 Bg4 15.
Qe1 exf4 16. Rxf4 g5 17. Rxf8+ Rxf8 18. Bd2 b5 19. Na5 Nxa5 20. Bxa5 c5 21. Bd2
Nc6 22. h4 Ne5 23. hxg5 Bf3 24. Nh4 hxg5 25. Nxf3 Nxf3+ 26. Bxf3 Rxf3 27. Bxg5
Qg4 28. Bh4 Bh6 29. Kg2 Be3 30. a4 b4 31. b3 Qf5 32. g4 Qxg4+ 33. Bg3 Rf7 34.
Rb1 Qf3+ 0-1

[Event "Schachfestival 2014 - Open"]
[Site "Bad Wörishofen"]
[Date "2014.03.21"]
[Round "1.10"]
[White "Specht, Helmut"]
[Black "Mainka, Romuald"]
[Result "0-1"]
[WhiteElo "2011"]
[BlackElo "2416"]
[Annotator "chessorg"]
[PlyCount "48"]
[EventDate "2014.??.??"]
[BlackTeam "Schachclub Hansa Dortmund e.V."]

1. e4 c5 2. Nf3 e6 3. Nc3 a6 4. a4 Nc6 5. g3 Nf6 6. Bg2 Be7 7. O-O O-O 8. d4
cxd4 9. Nxd4 Qc7 10. Be3 Ne5 11. Bf4 d6 12. Bxe5 dxe5 13. Nde2 Bd7 14. h3 Rac8
15. b3 Rfd8 16. Qc1 Qa5 17. Nb1 Bc6 18. f3 b5 19. Nbc3 Qc7 20. axb5 axb5 21.
Ra2 b4 22. Nb1 Bb5 23. c4 bxc3 24. Nbxc3 Bxe2 0-1

[Event "Schachfestival 2014 - Open"]
[Site "Bad Wörishofen"]
[Date "2014.03.21"]
[Round "1.15"]
[White "Blaeser, Romain"]
[Black "Singer, Christoph"]
[Result "0-1"]
[WhiteElo "1995"]
[BlackElo "2344"]
[Annotator "chessorg"]
[PlyCount "48"]
[EventDate "2014.??.??"]
[WhiteTeam "Differdange"]
[BlackTeam "FC Bayern Muenchen e.V."]

1. d4 d5 2. Nf3 Nf6 3. Bf4 e6 4. e3 c5 5. c3 Nc6 6. Nbd2 Bd6 7. Bxd6 Qxd6 8.
Bd3 O-O 9. O-O e5 10. dxe5 Nxe5 11. Nxe5 Qxe5 12. Qf3 Bg4 13. Qg3 Qe6 14. Qh4
Rfe8 15. Rae1 Bf5 16. e4 dxe4 17. Re3 Qd5 18. c4 Qd4 19. Nb3 Qxb2 20. Bb1 b6
21. Rfe1 Rad8 22. f3 exf3 23. Rxf3 Rxe1+ 24. Qxe1 Qxb1 0-1

[Event "Schachfestival 2014 - Open"]
[Site "Bad Wörishofen"]
[Date "2014.03.21"]
[Round "1.16"]
[White "Cocchi, Andrea"]
[Black "Straub, Hermann"]
[Result "1-0"]
[WhiteElo "2321"]
[BlackElo "1992"]
[Annotator "chessorg"]
[PlyCount "45"]
[EventDate "2014.??.??"]
[WhiteTeam "CSB"]
[BlackTeam "SK Frankenthal"]

1. Nf3 b6 2. e4 Bb7 3. Nc3 e6 4. a3 Nf6 5. e5 Ne4 6. Nxe4 Bxe4 7. d4 Be7 8. Bd3
Bxd3 9. Qxd3 d5 10. exd6 cxd6 11. Ng5 Bxg5 12. Qb5+ Qd7 13. Qxg5 O-O 14. O-O
Nc6 15. c3 Rac8 16. Be3 Ne7 17. Rad1 Nd5 18. Bc1 Nf6 19. Rd3 Qd8 20. Rh3 Nd5
21. Qh5 h6 22. Bxh6 Nf4 23. Bxf4 1-0

[Event "Schachfestival 2014 - Open"]
[Site "Bad Wörishofen"]
[Date "2014.03.21"]
[Round "1.19"]
[White "Von Saldern, Rüdiger"]
[Black "Dehlinger, Alexander"]
[Result "0-1"]
[WhiteElo "1973"]
[BlackElo "2266"]
[Annotator "chessorg"]
[PlyCount "54"]
[EventDate "2014.??.??"]
[WhiteTeam "SF Starnberger See e.V."]
[BlackTeam "SC Garching"]

1. d4 Nf6 2. c4 e6 3. Nc3 Bb4 4. e3 b6 5. Bd3 Bb7 6. Nf3 Ne4 7. Qc2 f5 8. O-O
Bxc3 9. bxc3 O-O 10. a4 a5 11. Rb1 d6 12. Ba3 Nd7 13. Rfd1 Qe7 14. Ne5 Rad8 15.
f3 Nef6 16. Nxd7 Nxd7 17. e4 fxe4 18. Bxe4 Bxe4 19. Qxe4 Nf6 20. Qb7 Qd7 21. c5
Rb8 22. Qa6 Qxa4 23. cxd6 Qxa3 24. dxc7 Rbc8 25. Qxb6 Qe7 26. Re1 Rfe8 27. Qxa5
Qxc7 0-1

[Event "Schachfestival 2014 - Open"]
[Site "Bad Wörishofen"]
[Date "2014.03.21"]
[Round "1.21"]
[White "Distelrath, Oliver"]
[Black "Zuse, Peter"]
[Result "0-1"]
[WhiteElo "1964"]
[BlackElo "2262"]
[Annotator "chessorg"]
[PlyCount "38"]
[EventDate "2014.??.??"]
[WhiteTeam "SV Unser Fritz Wanne-Eickel"]
[BlackTeam "Klub KÃ¶lner Schachfreunde"]

1. e4 c5 2. Nc3 Nc6 3. f4 g6 4. Nf3 Bg7 5. Bb5 Nd4 6. O-O a6 7. Bd3 d6 8. Nxd4
cxd4 9. Ne2 Nf6 10. Qe1 O-O 11. Qh4 e5 12. c3 Bd7 13. f5 Bc6 14. c4 Nxe4 15.
Qh3 Nf6 16. Ng3 e4 17. Be2 d3 18. Bd1 d5 19. c5 Qa5 0-1

[Event "Schachfestival 2014 - Open"]
[Site "Bad Wörishofen"]
[Date "2014.03.21"]
[Round "1.28"]
[White "Krulich, Roman"]
[Black "Spanton, Tim"]
[Result "1-0"]
[WhiteElo "2223"]
[BlackElo "1949"]
[Annotator "chessorg"]
[PlyCount "63"]
[EventDate "2014.??.??"]
[WhiteTeam "MSA Zugzwang 82 e.V."]
[BlackTeam "Hastings"]

1. e4 e5 2. Nf3 Nc6 3. Bb5 Nf6 4. d3 Bc5 5. O-O d6 6. c3 O-O 7. h3 Bd7 8. Re1
Qe7 9. Nbd2 a6 10. Ba4 Rae8 11. Nf1 Nd8 12. Bc2 Kh8 13. Ng3 g6 14. Bh6 Rg8 15.
d4 Bb6 16. Bg5 Bc8 17. d5 h6 18. Bxh6 Nh5 19. Be3 Bxe3 20. Rxe3 Nf4 21. Nh2 Qg5
22. Kh1 Rg7 23. Qf3 Rh7 24. Ne2 Bxh3 25. gxh3 Rxh3 26. Qxh3+ Nxh3 27. Rxh3+ Kg7
28. f4 exf4 29. Rg1 Qe7 30. Nd4 Qd7 31. Nf5+ Kg8 32. Ng4 1-0

[Event "Schachfestival 2014 - Open"]
[Site "Bad Wörishofen"]
[Date "2014.03.21"]
[Round "1.29"]
[White "Buchäckert, Jürgen"]
[Black "Mitchell, Martin"]
[Result "1/2-1/2"]
[WhiteElo "1948"]
[BlackElo "2217"]
[Annotator "chessorg"]
[PlyCount "21"]
[EventDate "2014.??.??"]
[WhiteTeam "SK 1912 Ludwigshafen"]

1. e4 d6 2. d4 Nf6 3. Nc3 g6 4. f4 Bg7 5. Nf3 c5 6. dxc5 Qa5 7. Qd4 dxc5 8. Qc4
Be6 9. Qb5+ Nc6 10. Qxb7 Rc8 11. Bd2 1/2-1/2

[Event "Schachfestival 2014 - Open"]
[Site "Bad Wörishofen"]
[Date "2014.03.21"]
[Round "1.33"]
[White "Wied, Christian"]
[Black "Mihajlov, Sebastian"]
[Result "0-1"]
[WhiteElo "1938"]
[BlackElo "2207"]
[Annotator "chessorg"]
[PlyCount "66"]
[EventDate "2014.??.??"]
[WhiteTeam "FC Fasanerie-Nord e.V."]
[BlackTeam "OSS(Oslo)"]

1. e4 e5 2. Nf3 Nc6 3. d4 exd4 4. Nxd4 Nf6 5. Nxc6 bxc6 6. e5 Qe7 7. Qe2 Nd5 8.
c4 Nb6 9. b3 Qe6 10. Ba3 Bxa3 11. Nxa3 O-O 12. Nc2 f6 13. exf6 Qxf6 14. Rd1 Ba6
15. Rd3 d5 16. Rf3 Qb2 17. Nb4 Rae8 18. Re3 Qc1+ 19. Qd1 Rxe3+ 20. fxe3 Qxe3+
21. Qe2 Qc1+ 22. Qd1 Qc3+ 23. Qd2 Qa1+ 24. Qd1 Qf6 25. Qd2 dxc4 26. Nxa6 Qh4+
27. g3 Qe4+ 28. Qe2 Qxh1 29. bxc4 c5 30. Nxc7 Qc6 31. Qe7 Qh6 32. Qe2 Qc1+ 33.
Qd1 Rxf1+ 0-1

[Event "Schachfestival 2014 - Open"]
[Site "Bad Wörishofen"]
[Date "2014.03.21"]
[Round "1.35"]
[White "Riedl, Günter"]
[Black "Pitschka, Claus"]
[Result "0-1"]
[WhiteElo "1925"]
[BlackElo "2203"]
[Annotator "chessorg"]
[PlyCount "66"]
[EventDate "2014.??.??"]
[WhiteTeam "SK Marktoberdorf"]

1. e4 Nf6 2. Nc3 d5 3. exd5 Nxd5 4. Nxd5 Qxd5 5. d4 Nc6 6. Be3 e5 7. c4 Bb4+ 8.
Bd2 Qxd4 9. Bxb4 Qxd1+ 10. Rxd1 Nxb4 11. a3 Nc2+ 12. Kd2 Nd4 13. Re1 f6 14. f4
O-O 15. fxe5 fxe5 16. Bd3 Bf5 17. Rxe5 Nb3+ 18. Kc3 Bxd3 19. Kxb3 Rf1 20. h4
Rd8 21. Re7 Bf5 22. Rxc7 Be4 23. Rh3 Rxg1 24. Rg3 g6 25. Re3 Re8 26. Kc3 Rxg2
27. Kd4 Rg4 28. Kc3 Rxh4 29. Rxb7 Bxb7 30. Rxe8+ Kf7 31. Re3 g5 32. Kb4 g4 33.
Kb5 Rh5+ 0-1

[Event "Schachfestival 2014 - Open"]
[Site "Bad Wörishofen"]
[Date "2014.03.21"]
[Round "1.40"]
[White "Dewenter, Ulf"]
[Black "Gerhards, Walter"]
[Result "1-0"]
[WhiteElo "2178"]
[BlackElo "1911"]
[Annotator "chessorg"]
[PlyCount "53"]
[EventDate "2014.??.??"]
[WhiteTeam "Schachclub Weisse Dame Borbeck 25"]
[BlackTeam "Ratinger Schachklub 1950"]

1. f4 c5 2. Nf3 Nc6 3. e4 d6 4. Nc3 g6 5. Bb5 Bd7 6. O-O Bg7 7. Bxc6 Bxc6 8. d3
Nf6 9. Qe1 O-O 10. Qh4 Qd7 11. h3 Ne8 12. f5 e6 13. Bh6 exf5 14. exf5 Qd8 15.
Ng5 Qf6 16. Bxg7 Qxg7 17. f6 Qh8 18. Qh6 Nc7 19. Rae1 Rae8 20. Re7 Nd5 21. Nxd5
Bxd5 22. c4 Bc6 23. Ne6 Rd8 24. Nxf8 Rxf8 25. g4 Rd8 26. g5 d5 27. Rfe1 1-0

[Event "Schachfestival 2014 - Open"]
[Site "Bad Wörishofen"]
[Date "2014.03.21"]
[Round "1.41"]
[White "Eschle, Hubert"]
[Black "Seidler, Lukas"]
[Result "0-1"]
[WhiteElo "1906"]
[BlackElo "2177"]
[Annotator "chessorg"]
[PlyCount "38"]
[EventDate "2014.??.??"]
[WhiteTeam "SG Schramberg-Lauterbach"]
[BlackTeam "TSV Schott Mainz"]

1. e4 c5 2. Nf3 d6 3. d4 cxd4 4. Nxd4 Nf6 5. Nc3 a6 6. a4 b6 7. Bc4 e6 8. Ba2
Be7 9. Qf3 Qd7 10. Qg3 Nc6 11. Be3 O-O 12. Rd1 Rd8 13. O-O Bb7 14. f4 Nxd4 15.
Bxd4 Qc6 16. e5 dxe5 17. fxe5 Nd5 18. Qf2 Nf4 19. Bxb6 Nh3+ 0-1

[Event "Schachfestival 2014 - Open"]
[Site "Bad Wörishofen"]
[Date "2014.03.21"]
[Round "1.52"]
[White "Voss, Gunther"]
[Black "Moors, Marc"]
[Result "1-0"]
[WhiteElo "2160"]
[BlackElo "1876"]
[Annotator "chessorg"]
[PlyCount "81"]
[EventDate "2014.??.??"]
[WhiteTeam "SV MÃ¼lheim Nord 1931 e.V."]
[BlackTeam "Brasschaat"]

1. e4 d5 2. exd5 Qxd5 3. Nc3 Qd6 4. d4 Nf6 5. g3 Bg4 6. f3 Bf5 7. Bf4 Qd8 8. g4
Bg6 9. h4 h5 10. g5 Nd5 11. Nxd5 Qxd5 12. c4 Qa5+ 13. Bd2 Qb6 14. Qa4+ Qc6 15.
Qb3 Qb6 16. Bc3 e6 17. c5 Qxb3 18. axb3 c6 19. b4 Be7 20. Nh3 Nd7 21. Nf4 Nf8
22. b5 Bf5 23. b4 Ng6 24. Nxg6 Bxg6 25. bxc6 bxc6 26. Ra6 Kd7 27. b5 Rhc8 28.
bxc6+ Ke8 29. Rh2 Kf8 30. Rha2 Rab8 31. Rb2 Rxb2 32. Bxb2 Bd8 33. Rxa7 f6 34.
Ba6 Rc7 35. Ra8 Ke7 36. gxf6+ gxf6 37. Bb7 Be8 38. d5 exd5 39. Rxd8 Bxc6 40.
Bxf6+ Kxf6 41. Rd6+ 1-0

[Event "Schachfestival 2014 - Open"]
[Site "Bad Wörishofen"]
[Date "2014.03.21"]
[Round "1.57"]
[White "Strohbusch, Frank"]
[Black "Mihajlov, Svetoslav"]
[Result "0-1"]
[WhiteElo "1870"]
[BlackElo "2130"]
[Annotator "chessorg"]
[PlyCount "58"]
[EventDate "2014.??.??"]
[WhiteTeam "SK Freising"]
[BlackTeam "Oslo OSS "]

1. e4 c5 2. Nc3 e6 3. g3 Nc6 4. Bg2 g6 5. d3 Bg7 6. Be3 b6 7. Qd2 h5 8. Nf3 d5
9. d4 cxd4 10. Nxd4 Nxd4 11. Bxd4 e5 12. Bxb6 Qxb6 13. Nxd5 Qc6 14. Qa5 Rb8 15.
Nc7+ Kf8 16. Rd1 Bf6 17. Nd5 Kg7 18. Nxf6 Nxf6 19. Qxe5 Qxc2 20. O-O Qxb2 21.
Qf4 Re8 22. Rd2 Qe5 23. Qxe5 Rxe5 24. Rd8 Re8 25. Rfd1 Bg4 26. Rxe8 Rxe8 27. f3
Be6 28. Rd2 Rc8 29. Kf2 Rc3 0-1

[Event "Schachfestival 2014 - Open"]
[Site "Bad Wörishofen"]
[Date "2014.03.21"]
[Round "1.59"]
[White "Schreib, Marc"]
[Black "Baeuml, Ulrich"]
[Result "0-1"]
[WhiteElo "1859"]
[BlackElo "2123"]
[Annotator "chessorg"]
[PlyCount "40"]
[EventDate "2014.??.??"]
[WhiteTeam "SF Deisenhofen"]
[BlackTeam "SC Dillingen"]

1. d4 e6 2. Nf3 Nf6 3. Bg5 d5 4. e3 Nbd7 5. c4 Bb4+ 6. Nc3 c5 7. Qc2 Qa5 8. Rc1
Ne4 9. Bd3 cxd4 10. exd4 Nxg5 11. Nxg5 dxc4 12. Nxe6 cxd3 13. Nxg7+ Kf8 14.
Qxd3 Kxg7 15. O-O Nf6 16. Qg3+ Kf8 17. Qh4 Qf5 18. Rfe1 Bd6 19. Nb5 Qf4 20.
Rxc8+ Rxc8 0-1

[Event "Schachfestival 2014 - Open"]
[Site "Bad Wörishofen"]
[Date "2014.03.21"]
[Round "1.65"]
[White "Wieczorek, Heinz"]
[Black "Lochte, Thomas"]
[Result "0-1"]
[WhiteElo "1817"]
[BlackElo "2106"]
[Annotator "chessorg"]
[PlyCount "56"]
[EventDate "2014.??.??"]
[WhiteTeam "SW Nuernberg Sued e.V."]

1. e4 e5 2. Nf3 Nc6 3. Bc4 Nf6 4. Ng5 d5 5. exd5 b5 6. Nc3 bxc4 7. dxc6 Bc5 8.
Qe2 O-O 9. Qxc4 Bxf2+ 10. Kxf2 Ng4+ 11. Ke1 Qxg5 12. d3 Qh4+ 13. g3 Qh3 14. Qe4
Nxh2 15. Rxh2 Qxh2 16. Qxe5 Bg4 17. Bg5 Rfe8 18. Be7 Qg1+ 19. Kd2 Qxa1 20. Nd5
Qd1+ 21. Kc3 Qf3 22. Nxc7 Qxc6+ 23. Kd2 Qg2+ 24. Ke1 Qg1+ 25. Kd2 Qd1+ 26. Kc3
Rac8 27. Kd4 Qg1+ 28. Kc3 Qb6 0-1

[Event "Schachfestival 2014 - Open"]
[Site "Bad Wörishofen"]
[Date "2014.03.21"]
[Round "1.66"]
[White "Astengo, Corrado"]
[Black "Auschkalnis, Reinhard"]
[Result "1-0"]
[WhiteElo "2105"]
[BlackElo "1814"]
[Annotator "chessorg"]
[PlyCount "55"]
[EventDate "2014.??.??"]
[WhiteTeam "Castelfidardo"]
[BlackTeam "Schachclub Bonn Beuel"]

1. e4 c5 2. Nf3 g6 3. d4 Bg7 4. Nc3 cxd4 5. Nxd4 d6 6. Be3 Nf6 7. f3 O-O 8. Qd2
Nc6 9. g4 Nxd4 10. Bxd4 Qa5 11. O-O-O Be6 12. Kb1 a6 13. Nd5 Qd8 14. Nxf6+ Bxf6
15. Bxf6 exf6 16. Be2 Rc8 17. Qxd6 Qa5 18. a3 Rc6 19. Qd4 Rfc8 20. Bd3 b5 21.
h4 Rd8 22. Qb4 Qb6 23. h5 Rcd6 24. hxg6 hxg6 25. Rh2 Kf8 26. Rh8+ Ke7 27. Rxd8
Kxd8 28. Qxd6+ 1-0

[Event "Schachfestival 2014 - Open"]
[Site "Bad Wörishofen"]
[Date "2014.03.21"]
[Round "1.76"]
[White "Wichmann, Cliff"]
[Black "Schulz, Gert"]
[Result "1-0"]
[WhiteElo "2368"]
[BlackElo "2004"]
[Annotator "chessorg"]
[PlyCount "57"]
[EventDate "2014.??.??"]
[WhiteTeam "ESV Nickelhuette Aue"]
[BlackTeam "DBSB"]

1. d4 Nf6 2. Nf3 e6 3. c4 d5 4. Nc3 Bb4 5. cxd5 exd5 6. Bg5 h6 7. Bh4 g5 8. Bg3
Ne4 9. Nd2 Nxc3 10. bxc3 Bxc3 11. Rc1 Bb2 12. Bxc7 Qe7 13. Rc2 Nc6 14. Rxb2
Qxc7 15. e3 Bf5 16. Be2 O-O-O 17. O-O h5 18. Qa4 Rh6 19. Rc1 Kb8 20. Nb3 Ka8
21. Bb5 Rdd6 22. Nc5 b6 23. Nd3 Qb7 24. Rbc2 Bd7 25. Ne5 Nxe5 26. dxe5 Bxb5 27.
Rc8+ Qxc8 28. Rxc8+ Kb7 29. Qxb5 1-0

[Event "Schachfestival 2014 - Open"]
[Site "Bad Wörishofen"]
[Date "2014.03.21"]
[Round "1.78"]
[White "Estremera, Sergio"]
[Black "Raabe, Stephan"]
[Result "1-0"]
[WhiteElo "2353"]
[BlackElo "1997"]
[Annotator "chessorg"]
[PlyCount "37"]
[EventDate "2014.??.??"]
[BlackTeam "DBSB"]

1. d4 d5 2. c4 c6 3. Nf3 Nf6 4. Qc2 e6 5. Bg5 Be7 6. e3 Nbd7 7. Nc3 O-O 8. Rd1
Qc7 9. Bd3 Re8 10. O-O dxc4 11. Bxc4 h6 12. Bf4 Qa5 13. e4 Nf8 14. h3 Ng6 15.
Bh2 Bd8 16. Bd3 Ne7 17. Ne5 Bc7 18. Kh1 Nd7 19. Nc4 1-0

[Event "Schachfestival 2014 - Open"]
[Site "Bad Wörishofen"]
[Date "2014.03.21"]
[Round "1.79"]
[White "Dittmar, Peter"]
[Black "Drasch, Robert"]
[Result "1-0"]
[WhiteElo "2303"]
[BlackElo "1980"]
[Annotator "chessorg"]
[PlyCount "45"]
[EventDate "2014.??.??"]
[WhiteTeam "SC Oberwinden 1957 e.V."]
[BlackTeam "DBSB"]

1. e4 e6 2. d4 d5 3. Nd2 Nc6 4. Ngf3 Nf6 5. e5 Nd7 6. Nb3 f6 7. Bb5 a6 8. Bxc6
bxc6 9. O-O f5 10. Na5 Nb8 11. c4 c5 12. Bg5 Qd7 13. cxd5 Qxd5 14. dxc5 Bxc5
15. Rc1 Bb6 16. Nc4 O-O 17. Qxd5 exd5 18. Nxb6 cxb6 19. Rfd1 Bb7 20. Rc7 Rf7
21. Rdc1 Rxc7 22. Rxc7 Bc6 23. Nd4 1-0

[Event "Schachfestival 2014 - Open"]
[Site "Bad Wörishofen"]
[Date "2014.03.21"]
[Round "1.83"]
[White "Stull, Norbert"]
[Black "Floeren, Ernst"]
[Result "1-0"]
[WhiteElo "2069"]
[BlackElo "1748"]
[Annotator "chessorg"]
[PlyCount "45"]
[EventDate "2014.??.??"]
[WhiteTeam "Le Cavalier Differdange"]

1. d4 e6 2. Nf3 c5 3. e4 cxd4 4. Nxd4 Bc5 5. Nb3 Bb6 6. Bd3 Nc6 7. O-O h6 8.
Nc3 a6 9. Qe2 Nge7 10. Bf4 Nd4 11. Nxd4 Bxd4 12. Bd6 Qb6 13. e5 Bxc3 14. bxc3
Qd8 15. f4 b5 16. a4 bxa4 17. Rxa4 Bb7 18. f5 Nd5 19. fxe6 dxe6 20. Qf2 Qd7 21.
Rd4 f5 22. exf6 Qxd6 23. fxg7 1-0

[Event "Schachfestival 2014 - Open"]
[Site "Bad Wörishofen"]
[Date "2014.03.21"]
[Round "1.85"]
[White "Höller, Armin"]
[Black "Eißmann, Olaf"]
[Result "1-0"]
[WhiteElo "2063"]
[BlackElo "1738"]
[Annotator "chessorg"]
[PlyCount "33"]
[EventDate "2014.??.??"]
[WhiteTeam "SK Bad Aibling"]
[BlackTeam "Stuttgarter SF 1879"]

1. e4 e6 2. d4 d5 3. Nd2 Nf6 4. e5 Nfd7 5. Bd3 c5 6. c3 Nc6 7. Ne2 cxd4 8. cxd4
Bb4 9. O-O O-O 10. Nf3 Ne7 11. Ng5 Ng6 12. Nf4 Nxf4 13. Bxh7+ Kh8 14. Bxf4 g6
15. Qb3 Be7 16. Qh3 Bxg5 17. Bxg5 1-0

[Event "Schachfestival 2014 - Open"]
[Site "Bad Wörishofen"]
[Date "2014.03.21"]
[Round "1.89"]
[White "Kupfer, Michael"]
[Black "Bangert, Rüdiger"]
[Result "1-0"]
[WhiteElo "2049"]
[BlackElo "1665"]
[Annotator "chessorg"]
[PlyCount "43"]
[EventDate "2014.??.??"]
[WhiteTeam "SC Friesen Lichtenberg"]
[BlackTeam "Ohne"]

1. e4 d6 2. d4 c6 3. Nf3 Nf6 4. Nc3 g6 5. Be2 Bg7 6. O-O Nbd7 7. e5 dxe5 8.
dxe5 Ng4 9. e6 fxe6 10. Ng5 Nxf2 11. Rxf2 Qb6 12. Nxe6 Be5 13. Kf1 Nf6 14. Na4
Qa5 15. Nac5 Qb6 16. Bh6 Bxe6 17. Nxe6 Ng4 18. Bxg4 Bd6 19. c4 c5 20. Qf3 a5
21. Nc7+ Qxc7 22. Qf8+ 1-0

[Event "Schachfestival 2014 - Open"]
[Site "Bad Wörishofen"]
[Date "2014.03.21"]
[Round "1.92"]
[White "Gehrmann, Ulrich"]
[Black "Sauerwein, Martin"]
[Result "1-0"]
[WhiteElo "2046"]
[BlackElo "1599"]
[Annotator "chessorg"]
[PlyCount "39"]
[EventDate "2014.??.??"]
[WhiteTeam "Oberbilker Schachverein 1960"]

1. e4 c6 2. d4 d5 3. f3 dxe4 4. fxe4 Nf6 5. e5 Nd5 6. c4 Nc7 7. Nc3 Bf5 8. Nf3
h6 9. Bd3 Bxd3 10. Qxd3 e6 11. O-O Nd7 12. Be3 Bb4 13. a3 Bxc3 14. bxc3 Qe7 15.
a4 O-O 16. a5 b6 17. Qe4 c5 18. Qb7 Rfc8 19. axb6 axb6 20. Rxa8 1-0

[Event "Schachfestival 2014 - Open"]
[Site "Bad Wörishofen"]
[Date "2014.03.21"]
[Round "1.97"]
[White "Scharrer, Udo"]
[Black "Schwarz, Susanne"]
[Result "1-0"]
[WhiteElo "2038"]
[BlackElo "1374"]
[Annotator "chessorg"]
[PlyCount "53"]
[EventDate "2014.??.??"]
[WhiteTeam "SV Dicker Turm Esslingen"]
[BlackTeam "SK Germering e. V."]

1. d4 Nf6 2. c4 d5 3. cxd5 Nxd5 4. Nf3 Bf5 5. Qb3 b6 6. Nbd2 Be6 7. e4 Nf4 8.
d5 Bd7 9. Nc4 Ng6 10. Nce5 Nxe5 11. Nxe5 g6 12. Bc4 Bg7 13. f4 O-O 14. O-O Bxe5
15. fxe5 Be8 16. Bh6 Nd7 17. Bxf8 Kxf8 18. Qh3 h5 19. Qg3 c5 20. Qxg6 b5 21.
Qh6+ Kg8 22. Qg5+ Kf8 23. Qxh5 e6 24. Bxb5 Nxe5 25. Bxe8 Qxe8 26. Qh8+ Ke7 27.
Qxe5 1-0